Представление документа в формате RUSMARC

ПолеНазваниеЗначение
  Тип записи a
  Библиографический уровень a
001 Контрольный номер RU/CBS_UL/BASE/88eb84035c0d45ba94e38db54ff1d1cd
005 Дата корректировки 20260220135350.0
100 Данные общей обработки __
a Данные общей обработки 20260220 ||| 0rusy0189 ca
101 Язык документа 0_
a Язык текста rus
102 Страна публикации __
a Страна публикации RU
200 Заглавие и сведения об ответственности 1_
a Заглавие Тонкие струны творчества
e Сведения, относящиеся к заглавию [русский художник Н. Н. Ге]
f Первые сведения об ответственности М. Швыдкой, А. Воловик
461 Уровень набора _0
1 2000
a Честь Отечества
463 Уровень физической единицы _0
1 2000
a № 1-2
v С. 48-49 : ил
1 2101
d 2026
1 001RU/CBS_UL/BASE/84d1925e5ac146458e290c11b6276ba6
600 Персоналии _1
a Персоналии (Фамилия) Ге
b Персоналии (Имя, инициалы) Н. Н.
606 Тематические рубрики 0_
a Основная рубрика Ге, Николай Николаевич (1831-1894)
610 Ключевые слова 0_
a Ключевые слова художники
610 Ключевые слова 0_
a Ключевые слова русские художники
610 Ключевые слова 0_
a Ключевые слова художники русские
610 Ключевые слова 0_
a Ключевые слова Тайная вечеря (картины)
610 Ключевые слова 0_
a Ключевые слова художники-портретисты
686 Индексы других классификаций __
2 Код системы rubbk
a Классификационный индекс 85.143(2)1
700 Автор _1
a Фамилия Швыдкой
b Имя (инициалы) М.
701 Альтернативная интеллектуальная ответственность _1
a Фамилия Воловик
b Имя (инициалы) А.
801 Источник записи _0
a Страна RU
b Организация МБУК ЦБС г. Ульяновска
c Дата составления 20260220
g Правила каталогизации RCR
801 Источник записи _1
a Страна RU
b Организация МБУК ЦБС г. Ульяновска
c Дата составления 20260220
g Правила каталогизации RCR
901 Тип документа __
t Тип документа b
w Контрольный № источника RU/CBS_UL/BASE/84d1925e5ac146458e290c11b6276ba6
909 Создатель записи __
a Создатель записи lib2